000 01864cam a2200289 a 4500
999 _c4191
_d4191
001 451469
003 OCoLC
005 20250124084534.0
008 110719s2010 xx b 001 0 eng
020 _a9780753522752
020 _a0753522756
035 _a(OCoLC)707711977
040 _aITJCU
_dYMG
_cITJCU
_dITJCU
_dKH8
042 _anbic
082 _a338.76 KIR
100 1 _aKirkpatrick, David,
_d1953 Jan. 14.
_eauthor.
245 1 4 _aThe Facebook effect :
_bthe real inside story of Mark Zuckerberg and the world's fastest-growing company /
_cDavid Kirkpatrick.
250 _aUpdated ed.
260 _a[S.l.] :
_bVirgin books,
_cc2010.
300 _a374 p. ;
_c25 cm.
504 _aIncludes bibliographical references (p. [341]-355) and index.
520 _aHow did a nineteen-year-old Harvard student create a company that has transformed the Internet and how did he grow it to its current enormous size? In half a decade, Facebook has gone from a dorm-room novelty to a company with 500 million users. It is one of the fastest growing companies in history, an essential part of the social life not only of teenagers but millions of adults worldwide. As Facebook spreads around the globe, it creates surprising effects--even becoming instrumental in political protests. Veteran technology reporter David Kirkpatrick had the full cooperation of Facebook's key executives in researching the history of the company and its impact on our lives. Kirkpatrick tells us how Facebook was created, why it has flourished, and where it is going next. He chronicles its successes and missteps, and gives readers the most complete assessment anywhere of founder and CEO Mark Zuckerberg.--From publisher description.
610 2 0 _aFacebook (Firm)
650 0 _aInternet industry
_zUnited States.
650 0 _aOnline social networks
_xHistory.
942 _2ddc
_cNFIC